Geography Quiz

Random Geography or World Quiz

Match 'Em Up Blitz - Geography Quiz Stats

 Plays Quiz Updated Apr 18, 2019

Score 0/40 Timer 08:00
6 Plays Today
% Correct
COUNTRY
99.8%
CAPITALS
99.7%
CAPITAL
99.7%
CITY
76.5%
COUNTRY
76.4%
LANDMARK
76.3%
LANDMARKS
76%
CAPITALS COMPLETE
76%
LANDMARKS UNLOCKED
75.8%
CONTINENT
75.5%
BORDERS
75.2%
BORDERING COUNTRY
75.1%
LANDMARKS COMPLETE
75.1%
BORDERS UNLOCKED
75%
LAKE
74.8%
LAKES
74.4%
COUNTRY
74.3%
BORDERS COMPLETE
74.3%
LAKES UNLOCKED
74.2%
FLAGS
73.1%
% Correct
FLAG COLORS
73%
LAKES COMPLETE
72.9%
FLAGS UNLOCKED
72.8%
CONTINENT
67.5%
MOUNTAIN
66.8%
MOUNTAINS
66.4%
FLAGS COMPLETE
66.3%
MOUNTAINS UNLOCKED
66.2%
COUNTRY
57.8%
ISLAND
56.9%
ISLANDS
56.6%
MOUNTAINS COMPLETE
56.5%
ISLANDS UNLOCKED
56.4%
FORMER NAME
46.4%
CURRENT NAME
46.3%
FORMER NAMES
46.2%
ISLANDS COMPLETE
46%
FORMER NAMES UNLOCKED
45.9%
FORMER NAMES COMPLETE
25.7%
WELL DONE
25.7%

You're not logged in!

Compare scores with friends on all Sporcle quizzes.
OR
Log In

You Might Also Like...

Show Comments

Extras

Top Quizzes Today


Score Distribution

Your Account Isn't Verified!

In order to create a playlist on Sporcle, you need to verify the email address you used during registration. Go to your Sporcle Settings to finish the process.

Report this User

Report this user for behavior that violates our Community Guidelines.

Details: